000 01287nam a2200313 c 4500
003 BLK
005 20240313160642.0
008 180413b bul|||||r ||||||| ||bul||
010 _aKNG00025837000
020 _a954-428-178-9
_bиздат.: Хемус
040 _aBLK
041 _aBUL
_cBUL
080 _aАмериканска литература (на САЩ)
_b821.111(73)
_x-31
_z821.111(73)-31
100 1 _aСтийл, Даниел
_eпърви автор
_9363685
700 _aСемкова-Вулова, Боряна Николай
_gПреводач от/на руски, английски и френски език
_9244049
139 _aСтийл, Даниел
_bС 76
245 1 0 _aДългият път към дома
_bРоман
_cДаниел Стийл; прев. от англ. Боряна Николай Семкова-Вулова.
257 _aUSA
260 София
_bХемус
_c1998
_fВ. Търново : Абагар
300 _a384 с.
_c21 см
380 _aX
500 _aОриг. загл. The lfng road home / Danielle Steel.
852 _aЦб 198799
856 4 _qpdf
_u
856 4 _qpdf
_u
942 _cKNG
_n0
944 _aCR
_c23.06.2003
_k30560
_lГеновева Генчева
944 _aED
_c20.03.2013
_k
999 _c23361
_d23361